乞丐王子

Gorde:
Xehetasun bibliografikoak
Egile nagusia: 马克·吐温 原著 / Yoshi 原创漫画
Formatua: Liburua
Hizkuntza:Chinese
Argitaratua: 新北市 : 大众国际书局, 2010
Gaiak:
Etiketak: Etiketa erantsi
Etiketarik gabe, Izan zaitez lehena erregistro honi etiketa jartzen!
LEADER 00794cam a22002177a 4500
001 (Sirsi) a70403
005 20190330152800.0
008 180930n2010 xx |||||||||||000|0|chi|d
020 |a 9789866258572 
040 |a SMLIBRARY  |b eng  |c SMLIBRARY  |e AACR2 
100 1 |a 马克·吐温 原著 / Yoshi 原创漫画 
245 1 |a 乞丐王子 
260 |a 新北市 :   |b 大众国际书局,   |c 2010 
650 |a 儿童漫画 
650 |a 童话 
650 |a 童话故事 
903 |a  SMLNEWITEM, SMLPOPULAR 
904 |a 1 
942 |2 ddc  |c JRBOOK 
952 |0 0  |1 0  |2 ddc  |4 0  |6 J_741_500000000000000_T969  |7 0  |8 JUNIOR | JNFIC | DONATED  |9 26507  |a SMLIBRARY  |b SMLIBRARY  |c JUNIOR  |d 2018-12-12  |g 10.00  |l 16  |m 4  |o J 741.5 T969  |p BK10062747E  |r 2020-05-28 00:00:00  |s 2020-03-16  |t 1  |v 10.00  |w 2019-06-25  |y JRBOOK 
999 |c 22316  |d 22316